Statistics for Five biggest cities by continent with MAP

Click here to take the quiz!

General Stats

  • This quiz has been taken 64 times
  • The average score is 29 of 30

Answer Stats

Afryka % Correct
5.Madrid6,4 mln
100%
4.Chicago9,7 mln
100%
4.Paris11,4 mln
100%
3.London14,7 mln
100%
1.Moscow17,2 mln
100%
1.Mexico City22,8 mln
100%
2.New York22,4 mln
100%
2.Istanbul15,8 mln
98%
5.Delhi29,4 mln
98%
2.Tokyo40,2 mln
98%
4.Perth2,0 mln
98%
2.Melbourne4,8 mln
98%
5.Washington D.C.8,5 mln
98%
1.Cairo20,5 mln
98%
3.Los Angeles17,8 mln
98%
3.Rio de Janeiro13,1 mln
98%
2.Buenos Aires16,3 mln
98%
3.Johannesburg13,7 mln
98%
1.Sydney5,2 mln
98%
4.Lima9,9 mln
97%
4.Jakarta30,6 mln
97%
1.Sao Paulo22,2 mln
97%
5.Bogota9,8 mln
95%
3.Shanghai35,9 mln
95%
2.Lagos18,8 mln
93%
5.Auckland1,5 mln
93%
1.Guangzhou45,6 mln
92%
3.Brisbane3,0 mln
90%
4.Kinshasa12,0 mln
85%
5.Luanda7,9 mln
77%

Score Distribution

Percentile by Number Answered

Percent of People with Each Score

Your Score History

You have not taken this quiz